| 000 | 00516nam a2200169 a 4500 | ||
|---|---|---|---|
| 005 | 20140412111342.0 | ||
| 008 | 031107s19uu xx 00 eng d | ||
| 020 | _a0-14-054737-1 | ||
| 050 |
_aTR(PS E _bBi48 1978 |
||
| 100 | _aSharmat, Marjorie Weinman | ||
| 245 |
_aBig fat enormouse lie (A)/ _cby Marjorie Weinmean Sharmat ; illustrated by David McPhail. |
||
| 260 |
_aNew York : _bPuffin Books, _c1978. |
||
| 300 | _a[28] p. ; ill. | ||
| 650 | _aLies--Fiction | ||
| 650 | _aChildren stories | ||
| 999 |
_c105147 _d105147 |
||